000 00557nam a22001817a 4500
008 150604b xxu||||| |||| 00| 0 eng d
020 _a9780071788182
041 0 _aeng
080 _a658.8
100 1 _aAlpert, Jed.
245 1 4 _aThe mobile marketing revolution :
_cby Jed Alpert.
250 _a1st ed.
260 _aNew York :
_bMcGraw-Hill,
_cc2012.
300 _a223 f. :
_bme il. ;
_c24 cm.
650 0 _aMarketingu elektronik
650 0 _aKomunikimi në marketing
942 _2udc
_cBK
999 _c983
_d983